000 01052cac a2200337 i 4500
003 EG-GICUC
005 20260121101445.0
008 930914s1994 nju frb 001 0 eng d
020 _a0130302899
020 _a9780130302892
040 _aDLC
_cDLC
_dDLC
_dEG-GICUC
_beng
_erda
050 0 0 _aHV6018
_b.W48 1994
082 0 0 _a343.62
_221
092 0 4 _221
099 _aLaw 10 1994
100 1 _aWilliams, Franklin P.
245 1 0 _aCriminological theory /
_cFranklin P. Williams III, Marilyn D. McShane.
250 _a2nd edition.
264 _aEnglewood Cliffs, N.J. :
_bPrentice Hall,
_c1994.
300 _aviii, 280 page ;
_c23 cm.
_billustrations,
336 _atext
_btxt
_2rdacontent
337 _aunmediated
_bn
_2rdamedia
338 _avolume
_bnc
_2rdacarrier
504 _aIncludes bibliographical references and index.
650 0 _aCriminology.
_2qrmak
651 1 _2qrmak
700 1 _aMcShane, Marilyn D.,
_d1956-
856 4 0 _uhttps://fll.law.cu.edu.eg/fulltext/bks/ENGB10-00009.pdf
905 _a10
942 _2ddc
_cBK
_e21
_n0
999 _c49371
_d49371